Countries Mentioned in Harry Potter - Statistics

General Stats
  • This quiz has been taken 213 times
    202 since last reset
  • The average score is 30 of 57
Answer Stats
Country % Correct
United Kingdom
96%
United States
93%
France
92%
Ireland
91%
Bulgaria
86%
China
85%
Australia
84%
Russia
83%
Germany
81%
Egypt
80%
Japan
79%
Brazil
77%
Canada
77%
Italy
76%
Romania
76%
Spain
76%
Albania
75%
Norway
75%
Mexico
68%
India
66%
Argentina
65%
Greece
65%
Hungary
63%
New Zealand
60%
Turkey
59%
Indonesia
55%
Switzerland
55%
Ukraine
55%
Peru
52%
Armenia
46%
Luxembourg
46%
Lithuania
44%
Nigeria
43%
Dem Rep Congo
42%
Andorra
41%
Jamaica
40%
Ethiopia
39%
Syria
39%
Sudan
37%
Kazakhstan
34%
Liechtenstein
32%
Uganda
32%
Moldova
31%
Haiti
30%
Fiji
29%
Tanzania
29%
Madagascar
26%
Bangladesh
25%
Chad
25%
Papua New Guinea
25%
Senegal
21%
Ivory Coast
19%
Togo
19%
Burkina Faso
15%
Malawi
15%
Mauritius
14%
Equatorial Guinea
13%
No matching quizzes found
Score Distribution
Percent of People with Each Score
Percentile by Number Answered
Your Score History
You have not taken this quiz since the last reset